LEADER 01361nam a2200289 i 4500 001 991002050499707536 005 200306201213UC01918 UCAMI 008 070111s2000 it a 00 ita 020 $a8871665198 035 $ab13468212-39ule_inst 040 $aDip.to Beni Arti e Storia$bita 100 1 $aFondelli, Mario.$07888 245 15$aGli 'oriuoli mechanici' di Filippo di ser Brunellesco Lippi :$bdocumenti e notizie inedite sull'arte dell'orologeria a Firenze /$cMario Fondelli ; L'orologio dipinto da Paolo Uccello nel duomo fiorentino : nuovi studi e precisazioni per la sua lettura / Umberto Baldini. 260 $aFirenze :$bLe Lettere,$c2000. 300 $a75 p. :$bill., facs. ;$c24 cm. 500 $aIn testa al front.: Università internazionale dell'arte di Firenze. 500 $aCon bibliografia. 600 04$aPaolo Uccello,$dc. 1396-1477. 610 24$aFirenze. S. Maria del Fiore. 650 04$aOrologeria$zFirenze$xStoria$ySec. 14.-15.$vFonti. 700 1 $aBaldini, Umberto$c(arte) 907 $a.b13468212$b02-04-14$c11-01-07 912 $a991002050499707536 945 $aLE019 A26 AR C 45$g1$i2019000040648$lle019$o-$pE14.98$q-$rl$s- $t0$u0$v0$w0$x0$y.i14343307$z11-01-07 996 $aOriuoli mechanici' di Filippo di ser Brunellesco Lippi$91094878 997 $aUNISALENTO 998 $ale019$b11-01-07$cm$da $e-$fita$git $h5$i0 LEADER 02368nas 2200649-a 450 001 9910263044803321 005 20231101151502.0 011 $a1747-5074 035 $a(OCoLC)52447342 035 $a(CKB)960238589215 035 $a(CONSER)--2004210828 035 $a(DE-599)ZDB2080388-6 035 $a(EXLCZ)99960238589215 100 $a20030617a19939999 s-- - 101 0 $aeng 135 $aurcnu|||||||| 181 $ctxt$2rdacontent 182 $cc$2rdamedia 183 $acr$2rdacarrier 200 10$aEducational action research 210 $aWallingford, Oxford, U.K. $cTriangle Journals 300 $aRefereed/Peer-reviewed 300 $aTitle from title screen (publisher's Web site, viewed Aug. 25, 2004). 300 $a"The impetus for Educational Action Research comes from CARN, the Collaborative Action Research Network"--Journal homepage. 300 $aPublished: Abingdon, Oxfordshire, UK : Routledge Journals, 2006- 311 $a0965-0792 606 $aAction research in education$vPeriodicals 606 $aEducation$xResearch$vPeriodicals 606 $aAction research$vPeriodicals 606 $aSocial sciences$xResearch$vPeriodicals 606 $aRecherche-action en éducation$vPériodiques 606 $aÉducation$xRecherche$vPériodiques 606 $aRecherche-action$vPériodiques 606 $aSciences sociales$xRecherche$vPériodiques 606 $aSocial sciences$xResearch$2fast$3(OCoLC)fst01122944 606 $aAction research$2fast$3(OCoLC)fst00796229 606 $aAction research in education$2fast$3(OCoLC)fst00796232 606 $aEducation$xResearch$2fast$3(OCoLC)fst00902743 608 $aPeriodicals.$2fast 610 $aPeriodical 615 0$aAction research in education 615 0$aEducation$xResearch 615 0$aAction research 615 0$aSocial sciences$xResearch 615 6$aRecherche-action en éducation 615 6$aÉducation$xRecherche 615 6$aRecherche-action 615 6$aSciences sociales$xRecherche 615 7$aSocial sciences$xResearch. 615 7$aAction research. 615 7$aAction research in education. 615 7$aEducation$xResearch. 712 02$aCollaborative Action Research Network. 906 $aJOURNAL 912 $a9910263044803321 996 $aEducational action research$92221933 997 $aUNINA